000 00956nam 22002173 4500
001 201341
010 _a978-989-755-308-0
021 _aPT
_b435127/17
090 _a201341
100 _a20260317d u||y0pory50 ba
200 _aGótico americano : alguns percursos
_fed. Maria Antónia Lima
205 _a
210 _aVila Nova de Famalicão
_cHúmus
_d2017
215 _a216 p.
_cbrochado
_d23 cm
300 _aJoão Luis Nabo professor de inglês e alemão no agrupamento de escolas de Montemor-o-Novo. Escritor já com alguns livros publicados. Dirige ainda o Grupo Coral de S. Domingos desde 1987. Neste livro é autor de um texto na pág. 113 Vários dos autores deste livro são professores em várias localidades do Alentejo e na Universidade de Évora
606 _93661
_aCrítica Literária.Estudos Literários
675 _a82.09
_vPT
_zpor
701 _91534
_aLima
_bMaria Antónia
801 _aPT
_bBMMN
_gRPC
830 _cVanda
990 _cLIVROS